Normal view
MARC view
- Supervisor: Dr. Adeel Khalid
Entry Personal Name
001 - CONTROL NUMBER
- control field: 119945
003 - CONTROL NUMBER IDENTIFIER
- control field: NUST
005 - DATE AND TIME OF LATEST TRANSACTION
- control field: 20240118154528.0
008 - FIXED-LENGTH DATA ELEMENTS
- fixed length control field: 240118|| aca||aabn | a|a d
040 ## - CATALOGING SOURCE
- Original cataloging agency: NUST
- Transcribing agency: NUST
100 ## - HEADING--PERSONAL NAME
- Personal name: Supervisor: Dr. Adeel Khalid
670 ## - SOURCE DATA FOUND
- Source citation: Work cat.: (NUST): Saad Bin Khalid 119944, International Business Report /
